<?xml version="1.0" encoding="UTF-8"?>
<record
    xmlns:xsi="http://www.w3.org/2001/XMLSchema-instance"
    xsi:schemaLocation="http://www.loc.gov/MARC21/slim http://www.loc.gov/standards/marcxml/schema/MARC21slim.xsd"
    xmlns="http://www.loc.gov/MARC21/slim">

  <leader>03484cam a22004338i 4500</leader>
  <datafield tag="999" ind1=" " ind2=" ">
    <subfield code="c">530</subfield>
    <subfield code="d">530</subfield>
  </datafield>
  <controlfield tag="001">21067671</controlfield>
  <controlfield tag="005">20251027105649.0</controlfield>
  <controlfield tag="008">190711s2020    enk      b    001 0 eng  </controlfield>
  <datafield tag="010" ind1=" " ind2=" ">
    <subfield code="a">  2019027886</subfield>
  </datafield>
  <datafield tag="020" ind1=" " ind2=" ">
    <subfield code="a">9780367203009</subfield>
    <subfield code="q">(paperback)</subfield>
  </datafield>
  <datafield tag="020" ind1=" " ind2=" ">
    <subfield code="z">9780429260735</subfield>
    <subfield code="q">(ebook)</subfield>
  </datafield>
  <datafield tag="040" ind1=" " ind2=" ">
    <subfield code="a">DLC</subfield>
    <subfield code="b">eng</subfield>
    <subfield code="e">rda</subfield>
    <subfield code="c">DLC</subfield>
  </datafield>
  <datafield tag="042" ind1=" " ind2=" ">
    <subfield code="a">pcc</subfield>
  </datafield>
  <datafield tag="043" ind1=" " ind2=" ">
    <subfield code="a">e-uk---</subfield>
  </datafield>
  <datafield tag="050" ind1="0" ind2="0">
    <subfield code="a">LC4036.G7</subfield>
    <subfield code="b">M345 2020</subfield>
  </datafield>
  <datafield tag="082" ind1="0" ind2="0">
    <subfield code="a">Grad 371.91</subfield>
    <subfield code="b">M165 2020 c.1</subfield>
    <subfield code="2">Second edition.</subfield>
  </datafield>
  <datafield tag="100" ind1="1" ind2=" ">
    <subfield code="a">McLinden, Mike,</subfield>
    <subfield code="e">author.</subfield>
  </datafield>
  <datafield tag="245" ind1="1" ind2="0">
    <subfield code="a">Learning through touch :</subfield>
    <subfield code="b">supporting learners with multiple disabilities and vision impairment through a bioecological systems perspective /</subfield>
    <subfield code="c">Mike McLinden, Steve McCall and Liz Hodges.</subfield>
  </datafield>
  <datafield tag="250" ind1=" " ind2=" ">
    <subfield code="a">Second edition.</subfield>
  </datafield>
  <datafield tag="263" ind1=" " ind2=" ">
    <subfield code="a">1912</subfield>
  </datafield>
  <datafield tag="264" ind1=" " ind2="1">
    <subfield code="a">Abingdon, Oxon ;</subfield>
    <subfield code="a">New York :</subfield>
    <subfield code="b">Routledge,</subfield>
    <subfield code="c">2020.</subfield>
  </datafield>
  <datafield tag="300" ind1=" " ind2=" ">
    <subfield code="a">xix, 233 pages :</subfield>
    <subfield code="b">illustrations.</subfield>
  </datafield>
  <datafield tag="336" ind1=" " ind2=" ">
    <subfield code="a">text</subfield>
    <subfield code="b">txt</subfield>
    <subfield code="2">rdacontent</subfield>
  </datafield>
  <datafield tag="337" ind1=" " ind2=" ">
    <subfield code="a">unmediated</subfield>
    <subfield code="b">n</subfield>
    <subfield code="2">rdamedia</subfield>
  </datafield>
  <datafield tag="338" ind1=" " ind2=" ">
    <subfield code="a">volume</subfield>
    <subfield code="b">nc</subfield>
    <subfield code="2">rdacarrier</subfield>
  </datafield>
  <datafield tag="504" ind1=" " ind2=" ">
    <subfield code="a">Includes bibliographical references and index.</subfield>
  </datafield>
  <datafield tag="505" ind1="0" ind2=" ">
    <subfield code="a">PART 1: Making connections through touch -- Revisiting learning through touch -- PART 2: Finding out about touch -- Reflecting on touch -- The anatomy and physiology of touch -- Functions of touch -- Early development of sensory and cognitive abilities -- PART 3: Identifying barriers to learning -- The influence of vision impairment on early haptic development -- The potential influences of multiple disabilities on learning through touch -- Principles underpinning the assessment of touch -- Interpersonal communication through touch -- Tactile symbols and early literacy -- PART 4: Finishing touches -- Mediating experiences through touch -- Concluding thoughts.</subfield>
  </datafield>
  <datafield tag="520" ind1=" " ind2=" ">
    <subfield code="a">"Now in a fully revised and updated second edition, this crucial book explores the role of touch in developing effective learning experiences for learners with visual impairments and other disabilities. Underpinned by research into holistic approaches to learning, this new edition is structured within a bioecological systems framework, allowing for a focus on the learner and their unique situations. Key features include: Chapters that support curriculum access for learners with visual impairments. Reflections on up to date research studies and guidance for further reading throughout, allowing for a strong conceptual foundation for practice  Portfolio activities designed to help implement effective learning opportunities within your own practice Written to assist teachers and other professionals who support children with visual impairment and additional difficulties, this text will appeal to professionals and students alike. It is an invaluable resource for anyone looking to explore the role of touch in creating effective learning experiences"--</subfield>
    <subfield code="c">Provided by publisher.</subfield>
  </datafield>
  <datafield tag="650" ind1=" " ind2="0">
    <subfield code="a">Children with disabilities</subfield>
    <subfield code="x">Education</subfield>
    <subfield code="z">Great Britain.</subfield>
  </datafield>
  <datafield tag="650" ind1=" " ind2="0">
    <subfield code="a">Children with visual disabilities</subfield>
    <subfield code="x">Education</subfield>
    <subfield code="z">Great Britain.</subfield>
  </datafield>
  <datafield tag="650" ind1=" " ind2="0">
    <subfield code="a">Touch in children</subfield>
    <subfield code="z">Great Britain.</subfield>
  </datafield>
  <datafield tag="650" ind1=" " ind2="0">
    <subfield code="a">Learning, Psychology of</subfield>
    <subfield code="z">Great Britain.</subfield>
  </datafield>
  <datafield tag="700" ind1="1" ind2=" ">
    <subfield code="a">McCall, Stephen</subfield>
    <subfield code="e">author.</subfield>
  </datafield>
  <datafield tag="700" ind1="1" ind2=" ">
    <subfield code="a">Hodges, Liz,</subfield>
    <subfield code="e">author.</subfield>
  </datafield>
  <datafield tag="776" ind1="0" ind2="8">
    <subfield code="i">Online version:</subfield>
    <subfield code="a">McLinden, Mike,</subfield>
    <subfield code="t">Learning through touch</subfield>
    <subfield code="b">Second edition.</subfield>
    <subfield code="d">Abingdon, Oxon ; New York : Routledge, 2019.</subfield>
    <subfield code="z">9780429260735</subfield>
    <subfield code="w">(DLC) 2019027887</subfield>
  </datafield>
  <datafield tag="906" ind1=" " ind2=" ">
    <subfield code="a">7</subfield>
    <subfield code="b">cbc</subfield>
    <subfield code="c">orignew</subfield>
    <subfield code="d">1</subfield>
    <subfield code="e">ecip</subfield>
    <subfield code="f">20</subfield>
    <subfield code="g">y-gencatlg</subfield>
  </datafield>
  <datafield tag="942" ind1=" " ind2=" ">
    <subfield code="2">ddc</subfield>
    <subfield code="c">CIR</subfield>
  </datafield>
  <datafield tag="952" ind1=" " ind2=" ">
    <subfield code="0">0</subfield>
    <subfield code="1">0</subfield>
    <subfield code="2">ddc</subfield>
    <subfield code="4">0</subfield>
    <subfield code="7">0</subfield>
    <subfield code="8">NFIC</subfield>
    <subfield code="a">GL</subfield>
    <subfield code="b">GL</subfield>
    <subfield code="c">CIR</subfield>
    <subfield code="d">2023-07-20</subfield>
    <subfield code="e">Purchase  (SuperPages)</subfield>
    <subfield code="g">3155.00</subfield>
    <subfield code="h">10377</subfield>
    <subfield code="l">0</subfield>
    <subfield code="o">Grad 371.91 M165 2020 c.1</subfield>
    <subfield code="p">10377</subfield>
    <subfield code="r">2023-07-20</subfield>
    <subfield code="t">c.1</subfield>
    <subfield code="w">2023-07-20</subfield>
    <subfield code="y">CIR</subfield>
  </datafield>
  <datafield tag="952" ind1=" " ind2=" ">
    <subfield code="0">0</subfield>
    <subfield code="1">0</subfield>
    <subfield code="2">ddc</subfield>
    <subfield code="4">0</subfield>
    <subfield code="7">0</subfield>
    <subfield code="8">NFIC</subfield>
    <subfield code="a">GL</subfield>
    <subfield code="b">GL</subfield>
    <subfield code="c">CIR</subfield>
    <subfield code="d">2023-07-20</subfield>
    <subfield code="e">Purchase  (SuperPages)</subfield>
    <subfield code="g">3155.00</subfield>
    <subfield code="h">10378</subfield>
    <subfield code="l">0</subfield>
    <subfield code="o">Grad 371.91 M165 2020 c.2</subfield>
    <subfield code="p">10378</subfield>
    <subfield code="r">2023-07-20</subfield>
    <subfield code="t">c.2</subfield>
    <subfield code="w">2023-07-20</subfield>
    <subfield code="y">CIR</subfield>
  </datafield>
</record>
